000 00584nam a2200229Ia 4500
003 OSt
005 20221005115523.0
006 a|||||r|||| 00| 0
007 ta
008 221004b |||||||| |||| 00| 0 tam d
024 _a52580
037 _cTextual
040 _aCRL
_cCRL
_btam
041 _2tam
_atam
082 _aY5924xM67w, 31M8
100 _aRagavaiyankar
_9627663
245 0 _aChenth tamil valartha tevar gal
260 _c1988
650 _aSOCIOLOGY
942 _hY5924xM67w, 31M8
_cTEXL
_2cc
999 _c1035077
_d1035077